000 00829nam a2200229Ii 4500
003 JO-AjNU
008 230605s9999||||xx |||||||||||||| ||und||
017 _a2021/8/4216
020 _a978-9923-26-092-0
040 _aJO-AjNU
_bara
_erda
_cJO-AjNU
041 _aara
050 1 4 _aBF723 2022
100 3 _aتاليف غانم، احمد فوزي ,
_eauthor
_962871
245 0 0 _aالاضطرابات الانفعالية عند الاطفال
250 _aط1
264 3 1 _aعمان: دار المبادرة للنشر والتوزيع، 2022
300 _a200ص
336 _atext
_btxt
_2rdacontent
337 _aunmediated
_bn
_2rdamedia
338 _avolume
_bnc
_2rdacarrier
650 4 _aالاضطرابات الانفعالية -العواطف-السلوك الالطفال-السلوك الاجتماعي
_962872
999 _aA28490
_c32058
_d32058